[Event "British Chess Championships 2023: Major Open"]
[Site "The Venue, De Montfort University, 20 Western Boulevard, Leicester, LE2 7BU"]
[Date "2023.07.27"]
[Round "6"]
[Board "22"]
[White "Kothari, Jai"]
[Black "Pal, Rohan"]
[Result "1/2-1/2"]
[WhiteElo "1782"]
[BlackElo "1966"]
[PlyCount "26"]
[EventDate "2023.07.22"]
[EventRounds "9"]
[EventCountry "ENG"]

1. e4 c5 2. Nf3 e6 3. Nc3 a6 4. a3 Nc6 5. d4 cxd4 6. Nxd4 Nf6 7. Be3 Be7 8. Be2
O-O 9. O-O d6 10. f4 Qc7 11. Qe1 Bd7 12. Qg3 Kh8 13. Bd3 Rad8  1/2-1/2

[Event "British Chess Championships 2023: Major Open"]
[Site "The Venue, De Montfort University, 20 Western Boulevard, Leicester, LE2 7BU"]
[Date "2023.07.27"]
[Round "6"]
[Board "23"]
[White "Green, Michael"]
[Black "Pilley, Jack"]
[Result "1-0"]
[WhiteElo "1923"]
[BlackElo "1785"]
[PlyCount "35"]
[EventDate "2023.07.22"]
[EventRounds "9"]
[EventCountry "ENG"]

1. Nf3 Nf6 2. c4 e6 3. g3 d5 4. b3 c5 5. e3 Be7 6. Bg2 O-O 7. O-O Nc6 8. Bb2 b6
9. Qe2 Bb7 10. Rd1 dxc4 11. bxc4 Qc7 12. Nc3 Rad8 13. Rac1 Rd7 14. d4 cxd4 15.
exd4 Rfd8 16. d5 exd5 17. Nb5 Qb8 18. Bh3  1-0

[Event "British Chess Championships 2023: Major Open"]
[Site "The Venue, De Montfort University, 20 Western Boulevard, Leicester, LE2 7BU"]
[Date "2023.07.27"]
[Round "6"]
[Board "24"]
[White "Graham, Danny"]
[Black "Young, Daniel J"]
[Result "0-1"]
[WhiteElo "1715"]
[BlackElo "1913"]
[PlyCount "118"]
[EventDate "2023.07.22"]
[EventRounds "9"]
[EventCountry "ENG"]

1. d4 Nf6 2. c4 g6 3. Nc3 Bg7 4. Bg5 O-O 5. e3 h6 6. Bxf6 Bxf6 7. Bd3 Bg7 8.
Nge2 d6 9. Qc2 Nd7 10. h4 Nf6 11. O-O-O h5 12. f3 c6 13. Rdg1 Qe8 14. Ne4 d5
15. Nxf6+ exf6 16. e4 dxe4 17. fxe4 Bg4 18. Nc3 Bh6+ 19. Kb1 Be3 20. Re1 Bxd4
21. Rhf1 Be5 22. Be2 Qe6 23. Bxg4 Qxg4 24. Nd1 Rad8 25. Ne3 Qe6 26. Rg1 Bg3 27.
Re2 Rd4 28. Nf1 Bf4 29. g4 Rfd8 30. Ne3 Qxe4 31. gxh5 Bxe3 32. Qxe4 Rxe4 33.
Rg3 Rde8 34. hxg6 fxg6 35. Rxg6+ Kf7 36. Rg3 Bf4 37. Rxe4 Rxe4 38. Rb3 b6 39.
c5 Rc4 40. a3 Rxc5 41. Rd3 Ke6 42. Rh3 Rh5 43. Kc2 Kf5 44. Kd3 Kg4 45. Rh1 Rxh4
46. Rg1+ Kf5 47. Rg7 a5 48. Rb7 Rh3+ 49. Kc2 Be3 50. Rc7 c5 51. Rb7 c4 52. Rd7
Bc5 53. Rd5+ Ke4 54. Rd7 f5 55. Rd8 Bd4 56. Re8+ Be5 57. Re6 Rh2+ 58. Kc1 Kd3
59. Rxb6 Rh1#  0-1

[Event "British Chess Championships 2023: Major Open"]
[Site "The Venue, De Montfort University, 20 Western Boulevard, Leicester, LE2 7BU"]
[Date "2023.07.27"]
[Round "6"]
[Board "25"]
[White "Mccarthy, Damian M"]
[Black "Gamage Ranasinghe, Yuman Ranjula"]
[Result "1-0"]
[WhiteElo "1838"]
[BlackElo "1100"]
[PlyCount "77"]
[EventDate "2023.07.22"]
[EventRounds "9"]
[EventCountry "ENG"]

1. e4 e5 2. Nf3 Nc6 3. Bb5 a6 4. Ba4 d6 5. c3 f5 6. exf5 Bxf5 7. d4 b5 8. Bb3
e4 9. Bd5 Nge7 10. Bg5 Qd7 11. Bxe7 Bxe7 12. Nfd2 O-O-O 13. O-O h5 14. a4 b4
15. Qe2 Nb8 16. cxb4 c6 17. Rc1 Kb7 18. Bxe4 Bxe4 19. Nxe4 Bf6 20. Nxf6 gxf6
21. d5 Rde8 22. Qf3 Re5 23. dxc6+ Nxc6 24. Nd2 Rhe8 25. Nc4 R5e6 26. b5 Qe7 27.
Qxc6+ Kb8 28. Qb6+ Qb7 29. Qxb7+ Kxb7 30. bxa6+ Kxa6 31. Ne3 Rd8 32. Rd1 Re7
33. Rd5 Rb7 34. Rad1 Rxb2 35. Rxd6+ Rxd6 36. Rxd6+ Kb7 37. Rxf6 Ra2 38. Rf4
Ra1+ 39. Nf1  1-0

[Event "British Chess Championships 2023: Major Open"]
[Site "The Venue, De Montfort University, 20 Western Boulevard, Leicester, LE2 7BU"]
[Date "2023.07.27"]
[Round "6"]
[Board "26"]
[White "Sheikh, Anum"]
[Black "Sivanandan, Bodhana"]
[Result "0-1"]
[WhiteElo "1744"]
[BlackElo "1834"]
[PlyCount "132"]
[EventDate "2023.07.22"]
[EventRounds "9"]
[EventCountry "ENG"]

1. e4 c6 2. d4 d5 3. exd5 cxd5 4. Bd3 Nc6 5. c3 Qc7 6. Ne2 Bg4 7. f3 Bd7 8. Bf4
e5 9. dxe5 Nxe5 10. Bc2 Bc6 11. O-O Bd6 12. Ba4 Ne7 13. Nd4 O-O 14. Kh1 Nc4 15.
Bxd6 Qxd6 16. Nxc6 bxc6 17. Qe2 Nf5 18. Re1 Rad8 19. Bb3 Nb6 20. Nd2 Qf6 21.
Rad1 h6 22. Qf2 Rfe8 23. a4 Nc8 24. Bc2 Nfd6 25. Nb3 Rxe1+ 26. Rxe1 Re8 27.
Rxe8+ Nxe8 28. Qe2 Ned6 29. Nc5 Qe7 30. Bd3 Qxe2 31. Bxe2 Kf8 32. Kg1 Ke7 33.
Kf2 Kd8 34. Bd3 Kc7 35. a5 Nb7 36. Nb3 Ncd6 37. Ba6 Nd8 38. Bd3 Ne6 39. Ke3 c5
40. Bc2 Kc6 41. f4 Nc4+ 42. Kf3 Nxb2 43. f5 Nf8 44. Ke2 Nc4 45. Bd3 Nd6 46. Bc2
Nd7 47. Ke3 Kb5 48. Bd3+ c4 49. Nd4+ Kxa5 50. Bc2 Kb6 51. h3 a5 52. Ba4 Nc5 53.
Bc6 Nxf5+ 54. Nxf5 Kxc6 55. Ne7+ Kd6 56. Nc8+ Kd7 57. Na7 a4 58. Nb5 Ne6 59.
Na3 Kc6 60. Nc2 Kc5 61. h4 Nc7 62. g3 Nb5 63. Kd2 d4 64. cxd4+ Nxd4 65. Na3 Kb4
66. Nb1 Kb3  0-1

[Event "British Chess Championships 2023: Major Open"]
[Site "The Venue, De Montfort University, 20 Western Boulevard, Leicester, LE2 7BU"]
[Date "2023.07.27"]
[Round "6"]
[Board "27"]
[White "Garnett, John S"]
[Black "Pattni, Kishan"]
[Result "1-0"]
[WhiteElo "1831"]
[BlackElo "1593"]
[PlyCount "33"]
[EventDate "2023.07.22"]
[EventRounds "9"]
[EventCountry "ENG"]

1. d4 e6 2. Nf3 Nf6 3. Bg5 d5 4. e3 Be7 5. c4 c6 6. Nc3 O-O 7. cxd5 exd5 8. Bd3
Ne4 9. Bf4 Qa5 10. Qc2 f5 11. O-O Nd7 12. a3 h6 13. Nxd5 cxd5 14. Bc7 b6 15. b4
Bxb4 16. axb4 Qxb4 17. Qc6  1-0

[Event "British Chess Championships 2023: Major Open"]
[Site "The Venue, De Montfort University, 20 Western Boulevard, Leicester, LE2 7BU"]
[Date "2023.07.27"]
[Round "6"]
[Board "28"]
[White "Burton, Sean"]
[Black "Santhosh, Abhyuday"]
[Result "0-1"]
[WhiteElo "1715"]
[BlackElo "1797"]
[PlyCount "74"]
[EventDate "2023.07.22"]
[EventRounds "9"]
[EventCountry "ENG"]

1. e4 c5 2. Nf3 d6 3. d4 cxd4 4. Qxd4 a6 5. c4 Nc6 6. Qd3 g6 7. Nc3 Bg7 8. Be2
Nf6 9. O-O O-O 10. h3 Be6 11. Be3 Nd7 12. Rac1 Nde5 13. Nxe5 Nxe5 14. Qd2 Nxc4
15. Bxc4 Bxc4 16. Rfd1 Rc8 17. f4 Re8 18. Qf2 Rc6 19. f5 Qc8 20. Qh4 b5 21. g4
b4 22. Nd5 Bxd5 23. exd5 Rxc1 24. Rxc1 Qb7 25. Rc6 Qb5 26. Rb6 Qxd5 27. Rxb4
Qd1+ 28. Kg2 Qd5+ 29. Kg1 Qxa2 30. Rb7 Qb1+ 31. Kf2 Qc2+ 32. Kg1 Qb1+ 33. Kf2
Bf6 34. Qg3 Rc8 35. Qf4 Bh4+ 36. Kg2 Rc2+ 37. Kf3 Qh1#  0-1

[Event "British Chess Championships 2023: Major Open"]
[Site "The Venue, De Montfort University, 20 Western Boulevard, Leicester, LE2 7BU"]
[Date "2023.07.27"]
[Round "6"]
[Board "29"]
[White "Whittington, Reece W"]
[Black "Verbytski, Oleg"]
[Result "0-1"]
[WhiteElo "1624"]
[BlackElo "1795"]
[PlyCount "108"]
[EventDate "2023.07.22"]
[EventRounds "9"]
[EventCountry "ENG"]

1. d4 Nf6 2. c4 g6 3. Nc3 Bg7 4. e4 d6 5. f3 O-O 6. Be3 b6 7. Qd2 c5 8. d5 Bd7
9. Bd3 e6 10. Nge2 exd5 11. Nxd5 Nxd5 12. exd5 Re8 13. Bg5 Qc8 14. O-O Bf5 15.
Ng3 Bxd3 16. Qxd3 Nd7 17. Ne4 Qc7 18. Bf4 Ne5 19. Qc2 Rad8 20. Bg5 Rb8 21. Nf6+
Bxf6 22. Bxf6 b5 23. cxb5 Nd7 24. Bc3 Rxb5 25. Rfe1 Rbb8 26. Qa4 Ne5 27. Qh4
Qd8 28. Qxd8 Rbxd8 29. Bxe5 Rxe5 30. Rxe5 dxe5 31. Rd1 Kf8 32. Kf2 Ke7 33. Ke3
Kd6 34. Kd3 Rb8 35. Kc3 f5 36. a3 a5 37. Rd2 a4 38. Kc4 g5 39. h3 h5 40. Rf2 h4
41. Re2 Rb3 42. Rf2 f4 43. Re2 Re3 44. Rc2 e4 45. fxe4 Rxe4+ 46. Kb5 Re3 47.
Rxc5 Rb3+ 48. Kc4 Rxb2 49. Rc6+ Kd7 50. Ra6 Rxg2 51. Kc5 Rc2+ 52. Kd4 f3 53.
Rf6 f2 54. Rf5 g4  0-1

[Event "British Chess Championships 2023: Major Open"]
[Site "The Venue, De Montfort University, 20 Western Boulevard, Leicester, LE2 7BU"]
[Date "2023.07.27"]
[Round "6"]
[Board "30"]
[White "Isik, Muhammed Oguz"]
[Black "Dayal, Samar"]
[Result "1-0"]
[WhiteElo "1701"]
[BlackElo "1433"]
[PlyCount "39"]
[EventDate "2023.07.22"]
[EventRounds "9"]
[EventCountry "ENG"]

1. e4 c5 2. Nc3 d6 3. d4 cxd4 4. Qxd4 Nc6 5. Qd2 g6 6. b3 Bg7 7. Bb2 Nf6 8.
O-O-O O-O 9. f3 Be6 10. Nge2 a6 11. Kb1 b5 12. Nf4 Bd7 13. h4 h5 14. g4 hxg4
15. h5 g5 16. h6 Bh8 17. h7+ Kg7 18. Qh2 Nh5 19. Qxh5 Kf6 20. Ncd5#  1-0

[Event "British Chess Championships 2023: Major Open"]
[Site "The Venue, De Montfort University, 20 Western Boulevard, Leicester, LE2 7BU"]
[Date "2023.07.27"]
[Round "6"]
[Board "31"]
[White "Pang, Ethan"]
[Black "Macqueen, Andrew"]
[Result "1/2-1/2"]
[WhiteElo "1553"]
[BlackElo "1759"]
[PlyCount "53"]
[EventDate "2023.07.22"]
[EventRounds "9"]
[EventCountry "ENG"]

1. e4 c5 2. Nc3 d6 3. Nf3 g6 4. g3 Bg7 5. Bg2 Nf6 6. d3 Nc6 7. O-O O-O 8. Be3
a6 9. a4 Rb8 10. h3 e5 11. Nd2 Be6 12. Ne2 Nd7 13. c3 f5 14. f4 Qe7 15. Qc2 Kh8
16. Rad1 Rbc8 17. Qb1 Qd8 18. fxe5 dxe5 19. b3 b6 20. Nf3 fxe4 21. dxe4 Na5 22.
Nc1 Qc7 23. Ng5 Bg8 24. c4 Nc6 25. Ne2 Nd4 26. Nc3 Nf6 27. Nd5  1/2-1/2

[Event "British Chess Championships 2023: Major Open"]
[Site "The Venue, De Montfort University, 20 Western Boulevard, Leicester, LE2 7BU"]
[Date "2023.07.27"]
[Round "6"]
[Board "32"]
[White "Gonzales, Ceferino"]
[Black "Sinclair, Colin"]
[Result "0-1"]
[WhiteElo "1493"]
[BlackElo "1652"]
[PlyCount "71"]
[EventDate "2023.07.22"]
[EventRounds "9"]
[EventCountry "ENG"]

1. c4 g6 2. Nc3 Bg7 3. e4 d6 4. Bd3 b6 5. Nge2 Bb7 6. Bc2 e6 7. d4 Ne7 8. Be3
Nd7 9. Qd2 h6 10. f4 f5 11. Ng3 a6 12. exf5 exf5 13. O-O d5 14. cxd5 Nxd5 15.
Bf2 O-O 16. Bb3 N7f6 17. Rae1 Kh7 18. Re6 Ng4 19. Rfe1 Nxf2 20. Qxf2 Nf6 21. d5
Ng4 22. Qd2 c5 23. R1e2 Rf7 24. Nf1 b5 25. Qe1 c4 26. Bc2 b4 27. Na4 Qxd5 28.
Rd2 Bd4+ 29. Rxd4 Qxd4+ 30. Ne3 Nxe3 31. Qxe3 Qxe3+ 32. Rxe3 Rc8 33. Nb6 Rc6
34. Nd5 a5 35. Ba4 Rd6 36. Nb6  0-1

[Event "British Chess Championships 2023: Major Open"]
[Site "The Venue, De Montfort University, 20 Western Boulevard, Leicester, LE2 7BU"]
[Date "2023.07.27"]
[Round "6"]
[Board "34"]
[White "Davis, Timothy J"]
[Black "Chantrell, Paul"]
[Result "1-0"]
[WhiteElo "1737"]
[BlackElo "1576"]
[PlyCount "119"]
[EventDate "2023.07.22"]
[EventRounds "9"]
[EventCountry "ENG"]

1. e4 e5 2. Nf3 Nc6 3. Bb5 Nf6 4. O-O Nxe4 5. d4 Nd6 6. Bxc6 dxc6 7. dxe5 Nf5
8. Qxd8+ Kxd8 9. Rd1+ Ke8 10. b3 Be6 11. Ng5 Rd8 12. Rxd8+ Kxd8 13. Bb2 Ne7 14.
c4 h6 15. Nxe6+ fxe6 16. Nd2 c5 17. Ne4 Nc6 18. Rd1+ Kc8 19. f4 Be7 20. Kf2 Rd8
21. Rxd8+ Kxd8 22. Bc3 b6 23. Ke3 Ke8 24. g4 g6 25. Ng3 Bh4 26. Ne2 Be7 27. Ng1
Kf7 28. Nf3 Nd8 29. Ke4 c6 30. h4 h5 31. gxh5 gxh5 32. Be1 Kg6 33. Ng5 Bxg5 34.
hxg5 Nf7 35. Kf3 Kf5 36. Kg3 Nd8 37. Kh4 Kg6 38. Bg3 Nf7 39. Be1 a5 40. a4 Nd8
41. Bd2 Nf7 42. f5+ Kxf5 43. Kxh5 Nxe5 44. Bc3 Ng6 45. Bf6 e5 46. Bd8 Nf4+ 47.
Kh6 Ne6 48. Bxb6 Nxg5 49. Bxa5 Nf7+ 50. Kg7 Nd6 51. Bb6 Nb7 52. a5 Nxa5 53.
Bxa5 Ke4 54. Kf6 Kd4 55. Ke6 Kd3 56. Kxe5 Kc2 57. Kd6 Kxb3 58. Kxc5 Ka4 59.
Kxc6 Kxa5 60. c5  1-0

[Event "British Chess Championships 2023: Major Open"]
[Site "The Venue, De Montfort University, 20 Western Boulevard, Leicester, LE2 7BU"]
[Date "2023.07.27"]
[Round "6"]
[Board "35"]
[White "Laronde-Bennett, Sebastian"]
[Black "Twisk, Sebastian"]
[Result "0-1"]
[WhiteElo "1613"]
[BlackElo "1599"]
[PlyCount "88"]
[EventDate "2023.07.22"]
[EventRounds "9"]
[EventCountry "ENG"]

1. d4 d5 2. Bf4 c5 3. c3 Nc6 4. e3 Qb6 5. Qb3 c4 6. Qc2 Bf5 7. Qc1 Nf6 8. Nd2
Nh5 9. Bg3 Nxg3 10. hxg3 Qd8 11. Ngf3 h6 12. Be2 e6 13. Bd1 Be7 14. Ba4 Qc7 15.
Ne5 Bd6 16. g4 Bh7 17. Ndf3 Ke7 18. Nxc6+ bxc6 19. Bc2 Bxc2 20. Qxc2 Rab8 21.
O-O Rb6 22. Rfe1 Rhb8 23. Rab1 Qb7 24. Re2 Qa6 25. a4 Ba3 26. Qh7 Rxb2 27.
Rexb2 Rxb2 28. Rxb2 Bxb2 29. Qxg7 Qc8 30. Ne5 Qe8 31. Qxh6 Bxc3 32. Qh7 c5 33.
g5 cxd4 34. exd4 Bxd4 35. Nf3 Qh8 36. Qb1 Bb2 37. g3 Qg7 38. a5 c3 39. Qc2 Qg8
40. Qa4 Qc8 41. Qb4+ Ke8 42. Qa4+ Kf8 43. Qh4 c2 44. Qb4+ Kg8  0-1

[Event "British Chess Championships 2023: Major Open"]
[Site "The Venue, De Montfort University, 20 Western Boulevard, Leicester, LE2 7BU"]
[Date "2023.07.27"]
[Round "6"]
[Board "36"]
[White "Bellano, Harry"]
[Black "Berkley, Stephen W"]
[Result "0-1"]
[WhiteElo "1470"]
[BlackElo "1587"]
[PlyCount "106"]
[EventDate "2023.07.22"]
[EventRounds "9"]
[EventCountry "ENG"]

1. e4 e6 2. d4 d5 3. e5 c5 4. c3 Nc6 5. f4 cxd4 6. cxd4 Qb6 7. Nf3 Nge7 8. Bd3
Bd7 9. Bc2 Nb4 10. Bb3 Bb5 11. Nc3 Nd3+ 12. Kd2 Nf2 13. Qc2 Bd3 14. Ba4+ Nc6
15. Qb3 Qxb3 16. Bxb3 Nxh1 17. Kxd3 Nf2+ 18. Ke2 Ne4 19. Nxe4 dxe4 20. Nd2
Nxd4+ 21. Ke3 Nxb3 22. Nxb3 Be7 23. Na5 O-O-O 24. Bd2 Rd3+ 25. Ke2 Rxd2+ 26.
Kxd2 Bb4+ 27. Ke3 Bxa5 28. Rc1+ Kd7 29. a3 Rc8 30. Rd1+ Ke7 31. b4 Rd8 32. Rc1
Bb6+ 33. Kxe4 Rd4+ 34. Kf3 Kd7 35. Rc3 Rd2 36. a4 a6 37. h3 Rb2 38. a5 Bd4 39.
Rd3 Rxb4 40. Ke4 Kc6 41. Rxd4 Rxd4+ 42. Kxd4 b6 43. axb6 Kxb6 44. f5 Kc6 45. g4
a5 46. g5 a4 47. g6 hxg6 48. f6 gxf6 49. exf6 a3 50. Ke5 a2 51. Kf4 a1=Q 52.
Kg5 Qc1+ 53. Kh4 Qf4#  0-1

[Event "British Chess Championships 2023: Major Open"]
[Site "The Venue, De Montfort University, 20 Western Boulevard, Leicester, LE2 7BU"]
[Date "2023.07.28"]
[Round "7"]
[Board "1"]
[White "Sanger, Jake M"]
[Black "Lewis, Andrew P"]
[Result "1/2-1/2"]
[WhiteElo "1933"]
[BlackElo "2235"]
[PlyCount "0"]
[EventDate "2023.07.22"]
[EventRounds "9"]
[EventCountry "ENG"]

1. d4 {[%clk 1:30:56]} Nf6 {[%clk 1:30:50]} 2. c4 {[%clk 1:31:19]} g6 {[%clk
1:31:10]} 3. Nc3 {[%clk 1:31:44]} Bg7 {[%clk 1:31:28]} 4. e4 {[%clk 1:32:08]} d6
{[%clk 1:31:47]} 5. Be2 {[%clk 1:32:32]} O-O {[%clk 1:32:03]} 6. Nf3 {[%clk
1:32:36]} e5 {[%clk 1:32:20]} 7. Be3 {[%clk 1:32:57]} c6 {[%clk 1:29:27]} 8. O-O
{[%clk 1:26:16]} Na6 {[%clk 1:21:25]} 9. d5 {[%clk 1:17:26]} Ng4 {[%clk 1:19:55]}
10. Bg5 {[%clk 1:12:49]} f6 {[%clk 1:19:58]} 11. Bh4 {[%clk 1:12:14]} h5 {[%clk
1:17:11]} 12. Nd2 {[%clk 1:03:22]} Qd7 {[%clk 1:04:50]} 13. Bxg4 {[%clk 0:56:28]}
hxg4 {[%clk 1:04:38]} 14. f3 {[%clk 0:50:49]} Nb4 {[%clk 0:54:55]} 15. Nb3 {[%clk
0:45:47]} gxf3 {[%clk 0:39:07]} 16. Rxf3 {[%clk 0:39:58]} c5 {[%clk 0:36:18]} 17.
a3 {[%clk 0:37:56]} Na6 {[%clk 0:36:22]} 18. Bf2 {[%clk 0:32:46]} Nc7 {[%clk
0:36:14]} 19. Rg3 {[%clk 0:28:30]} Qf7 {[%clk 0:35:32]} 20. Be3 {[%clk 0:28:18]}
Kh7 {[%clk 0:31:53]} 21. Nd2 {[%clk 0:27:22]} Rh8 {[%clk 0:29:36]} 22. Nf3 {[%clk
0:25:14]} Kg8 {[%clk 0:29:35]} 23. Qd2 {[%clk 0:22:38]} Bd7 {[%clk 0:25:50]} 24.
Rf1 {[%clk 0:18:52]} Qe8 {[%clk 0:25:51]} 25. b4 {[%clk 0:19:07]} b6 {[%clk
0:25:54]} 26. bxc5 {[%clk 0:18:43]} bxc5 {[%clk 0:23:34]} 27. h3 {[%clk 0:18:12]}
Rb8 {[%clk 0:21:28]} 28. Nh2 {[%clk 0:16:01]} Rh4 {[%clk 0:09:11]} 29. Qd1 {[%clk
0:08:52]} Kh7 {[%clk 0:08:01]} 30. Ng4 {[%clk 0:08:05]} Qe7 {[%clk 0:06:58]} 31.
Nxf6+ {[%clk 0:05:15]} Bxf6 {[%clk 0:04:08]} 32. Rxf6 {[%clk 0:05:35]} Qxf6
{[%clk 0:04:34]} 33. Bg5 {[%clk 0:06:01]} Qf8 {[%clk 0:04:36]} 34. Bxh4 {[%clk
0:06:22]} Qf4 {[%clk 0:03:27]} 35. Rf3 {[%clk 0:06:46]} Qxh4 {[%clk 0:01:13]} 36.
Rf7+ {[%clk 0:07:11]} Kh6 {[%clk 0:00:58]} 37. Qd2+ {[%clk 0:05:36]} g5 {[%clk
0:01:22]} 38. Rxd7 {[%clk 0:06:02]} Ne8 {[%clk 0:01:45]} 39. Rxa7 {[%clk
0:04:01]} Rb3 {[%clk 0:01:31]} 40. Rf7 {[%clk 0:00:33]} Kg6 {[%clk 0:01:10]} 41.
Rf1 {[%clk 0:10:58]} Nf6 {[%clk 0:26:20]} 42. Qc2 {[%clk 0:08:24]} Rxa3 {[%clk
0:24:23]} 43. Qb2 {[%clk 0:06:37]} Ra8 {[%clk 0:17:21]} 44. Qb7 {[%clk 0:04:01]}
Ra3 {[%clk 0:17:32]} 45. Qb2 {[%clk 0:04:24]} Ra8 {[%clk 0:17:36]} 46. Qb7 {[%clk
0:03:40]}  1/2-1/2

[Event "British Chess Championships 2023: Major Open"]
[Site "The Venue, De Montfort University, 20 Western Boulevard, Leicester, LE2 7BU"]
[Date "2023.07.28"]
[Round "7"]
[Board "2"]
[White "Verma, Shlok"]
[Black "Verma, Aditya"]
[Result "1/2-1/2"]
[WhiteElo "2000"]
[BlackElo "2138"]
[PlyCount "0"]
[EventDate "2023.07.22"]
[EventRounds "9"]
[EventCountry "ENG"]

1. d4 {[%clk 1:30:40]} Nf6 {[%clk 1:30:58]} 2. c4 {[%clk 1:31:03]} g6 {[%clk
1:31:15]} 3. Nc3 {[%clk 1:31:18]} Bg7 {[%clk 1:31:39]} 4. e4 {[%clk 1:31:40]} d6
{[%clk 1:31:57]} 5. h4 {[%clk 1:27:02]} O-O {[%clk 1:31:02]} 6. h5 {[%clk
1:27:01]} Nxh5 {[%clk 1:28:25]} 7. g4 {[%clk 1:27:03]} Nf6 {[%clk 1:28:37]} 8. g5
{[%clk 1:26:27]} Nfd7 {[%clk 1:27:58]} 9. f4 {[%clk 1:24:32]} Re8 {[%clk
1:19:55]} 10. f5 {[%clk 1:23:06]} Nf8 {[%clk 1:19:33]} 11. Nge2 {[%clk 1:17:09]}
gxf5 {[%clk 1:17:01]} 12. Ng3 {[%clk 1:17:27]} e5 {[%clk 1:11:23]} 13. exf5
{[%clk 1:14:24]} exd4+ {[%clk 1:11:28]} 14. Nce2 {[%clk 1:14:43]} Nc6 {[%clk
1:08:17]} 15. f6 {[%clk 1:10:11]}  1/2-1/2

[Event "British Chess Championships 2023: Major Open"]
[Site "The Venue, De Montfort University, 20 Western Boulevard, Leicester, LE2 7BU"]
[Date "2023.07.28"]
[Round "7"]
[Board "3"]
[White "Clarke, Brandon Gi"]
[Black "Raju, Sooraj Menothuparambil"]
[Result "1-0"]
[WhiteElo "2486"]
[BlackElo "1861"]
[PlyCount "0"]
[EventDate "2023.07.22"]
[EventRounds "9"]
[EventCountry "ENG"]

1. e4 {[%clk 1:29:10]} Nf6 {[%clk 1:30:57]} 2. e5 {[%clk 1:29:28]} Nd5 {[%clk
1:31:24]} 3. d4 {[%clk 1:29:53]} d6 {[%clk 1:31:51]} 4. c4 {[%clk 1:29:57]} Nb6
{[%clk 1:32:16]} 5. f4 {[%clk 1:30:23]} dxe5 {[%clk 1:32:42]} 6. fxe5 {[%clk
1:30:50]} Nc6 {[%clk 1:33:07]} 7. Be3 {[%clk 1:31:12]} Bf5 {[%clk 1:33:33]} 8.
Nc3 {[%clk 1:31:33]} e6 {[%clk 1:34:01]} 9. Nf3 {[%clk 1:31:57]} Qd7 {[%clk
1:34:27]} 10. Be2 {[%clk 1:32:07]} O-O-O {[%clk 1:34:51]} 11. O-O {[%clk
1:32:13]} Kb8 {[%clk 1:35:18]} 12. a4 {[%clk 1:29:43]} a5 {[%clk 1:35:43]} 13. c5
{[%clk 1:17:25]} Nd5 {[%clk 1:36:08]} 14. Nxd5 {[%clk 1:17:15]} Qxd5 {[%clk
1:36:29]} 15. Qe1 {[%clk 1:06:27]} f6 {[%clk 1:35:24]} 16. Rd1 {[%clk 1:03:41]}
Be7 {[%clk 1:26:45]} 17. Qc3 {[%clk 1:03:02]} fxe5 {[%clk 1:25:11]} 18. Nxe5
{[%clk 1:00:55]} Nxe5 {[%clk 1:24:34]} 19. dxe5 {[%clk 1:01:23]} Qe4 {[%clk
1:23:53]} 20. Bf3 {[%clk 0:57:49]} Qxa4 {[%clk 1:22:02]} 21. Ra1 {[%clk 0:55:11]}
Qb4 {[%clk 1:15:31]} 22. Qxb4 {[%clk 0:55:12]} axb4 {[%clk 1:15:54]} 23. c6
{[%clk 0:55:22]}  1-0